| 000 | 00798nam a2200217Ia 4500 | ||
|---|---|---|---|
| 005 | 20251020182514.0 | ||
| 008 | 200515s9999 xx 000 0 und d | ||
| 082 | _a658.36/A57 | ||
| 100 | _aAnderson, James E. | ||
| 245 | 0 | _aTécnicas de entrevistas y selección del personal | |
| 260 | _aLima | ||
| 260 | _bCorpotación Editora Continental | ||
| 260 | _c1979 | ||
| 300 | _a121 p. | ||
| 500 | _a1 ejemplar | ||
| 520 | _aLas técnicas de entrevista y selección del personal constituyen fundamentales, hoy mas que nunca, para el crecimiento de una empresa cualquiera sea su magnitud. La función del entrevistador, resulta pues, sumamente delicada debido a su complejidad, pues, | ||
| 650 | _aSELECCION DE PERSONAL | ||
| 650 | _aTECNICAS DE ENTREVISTA | ||
| 942 | _cLIB | ||
| 999 |
_c1542 _d1542 |
||